00325nam a2200121Ia 4500008004100000041000800041082001600049100001900065245004500084260002700129300003500156365001200191240624s9999 xx 000 0 und d aeng a658.408 IDO aIDOWU SAMUEL O aCORPORATE GOVERNANCE AN INTERNATIONAL PE c2014aLondonbSpringer axxxviii, : 371 : p. : cm. ; 24 cERUb30